| 000 | 01938cam0 2200397 ib4500 | ||
|---|---|---|---|
| 001 | BY-MI0021-br790808 | ||
| 005 | 20260116143245.0 | ||
| 010 |
^a978-5-378-00570-3 ^bв переплете |
||
| 100 | ^a20260115d2009 b y0rusy50 ca | ||
| 101 | 0 | ^arus | |
| 102 | ^aRU | ||
| 105 | ^aa z 000gy | ||
| 109 | ^ama | ||
| 200 | 1 |
^aЗимние сказки малышам ^e[для чтения родителями детям ^fредактор О. Иванова ^gиллюстрации Л.Лазаревой, М.Ананьина, С. Болотной [и др.] |
|
| 210 |
^aРостов на Дону ^cПроф-Пресс ^d2009 |
||
| 215 |
^a143 с. ^cцв. ил. ^d26 см |
||
| 225 | 1 | ^aСерия "Любимые сказки малышам" | |
| 327 | 0 | ^aИз содержания: авторы: С. Есенин, А. Фет, и. Суриков, К. Бальмонт, А. Пушкин, Н. Некрасов, Н. Найдёнова, Е. Трупнева, Н. Гуль, Г. Косова и др. | |
| 345 | ^918 000 экз. | ||
| 606 |
^aХУДОЖЕСТВЕННАЯ ЛИТЕРАТУРА ^3BY-NLB-ar37179 ^2DVNLB |
||
| 608 |
^aДЕТСКАЯ И ЮНОШЕСКАЯ ЛИТЕРАТУРА (художеств. произведение) ^3BY-NLB-ar9019 ^2BYGNR |
||
| 608 |
^aСТИХОТВОРЕНИЕ ^3BY-NLB-ar32087 ^2BYGNR |
||
| 686 |
^a84(2=411.2) ^2rubbk |
||
| 690 |
^a1 ^2Base ^9BY-MI0021 ^xRSEK |
||
| 702 | 1 |
^aИванова ^bО. ^4340 |
|
| 702 | 1 |
^aЛазарева ^bЛ. ^3BY-SEK-323321 ^4440 |
|
| 702 | 1 |
^aАнаньина ^bМ. ^4440 |
|
| 702 | 1 |
^aБолотная ^bС. Е. ^gСветлана Е. ^cхудожник ^3BY-SEK-ar2103966 ^4440 |
|
| 801 | 0 |
^aBY ^bBY-BR0001 ^c20130104 ^gpsbo |
|
| 801 | 2 |
^aBY ^bBY-BR0001 ^c20180528 ^gpsbo |
|
| 801 | 2 |
^aBY ^bBY-MI0021 ^c20260115 ^gRCR |
|
| 035 | ^a(BY-MI0021)BY-MI0021-br790808 | ||
| 899 | 0 |
^aBY-MI0021 ^iЗ-62 ^h84(2=411.2) |
|